Statistics for Top 70 most important and famous people from Russia

Click here to take the quiz!

General Stats

  • This quiz has been taken 67 times
    (55 since last reset)
  • The average score is 28 of 70

Answer Stats

HintAnswer% Correct
President from 2000 to 2008 and since 2012Vladimir Putin
88%
Novelist, author of Crime and Punishment, The Idiot and The Brothers KaramazovFyodor Dostoevsky
83%
Writer, author of War and Peace and Anna KareninaLeo Tolstoy
83%
Leader of the Revolution, head of government of Soviet Russia from 1917 to 1924Vladimir Lenin
83%
Final leader of the Soviet Union from 1985 to the country's dissolution in 1991Mikhail Gorbachev
76%
Composer of Swan Lake and The NutcrackerPyotr Ilyich Tchaikovsky
74%
The first human to journey into outer spaceYuri Gagarin
71%
The greatest Russian poet and the founder of modern Russian literature, author of Boris GodunovAlexander Pushkin
69%
First president of the Russian Federation from 1991 to 1999Boris Yeltsin
69%
Mystic and self-proclaimed holy man known for having befriended with the royal family of the last Emperor of RussiaGrigori Rasputin
69%
King, considered the unifier of RussiaIvan III
69%
The First Tsar, who launched the Massacre of NovgorodIvan the Terrible
69%
Chemist known for formulating the Periodic Law and creating a version of the periodic table of elementsDmitri Mendeleev
64%
Empress, key figure of renaissance of culture and sciences, and led to the founding of many new cities, universities, and theatresCatherine the Great
62%
The last TsarNicholas II of Russia
62%
Leader of Soviet Union from 1953 to 1964 who stunned the communist world with his denunciation of his predecessor Joseph Stalin's crimesNikita Khrushchev
62%
Tsar, key figure of the modernisation of the country, transforming it into a European powerPeter the Great
62%
Tsar of the emancipation of Russia's serfs in 1861, for which he is known as the LiberatorAlexander II
60%
Writer, author of LolitaVladimir Nabokov
60%
Tennis player, winner of US Open in 2021Daniil Medvedev
57%
President from 2008 to 2012Dmitry Medvedev
57%
Physiologist known for his discovery of classical conditioning through his experiments with dogs, winner of Nobel Prize in Medicine in 1904Ivan Pavlov
57%
Writer, author of Doctor Zhivago, winner of the Nobel Prize in literature in 1958Boris Pasternak
50%
Painter credited as one of the pioneers of abstraction in western artWassily Kandinsky
48%
Playwright one of the key figures in the birth of early modernismAnton Chekhov
45%
Marshal who organized the defense of Leningrad, Moscow, and Stalingrad. He participated in planning several major offensives, including the Battle of Kursk and the Battle of BerlinGeorgy Zhukov
45%
Writer, author of The Gulag ArchipelagoAleksandr Solzhenitsyn
43%
Writer, known for his hard science fiction storiesIsaac Asimov
43%
Director of the Ivan's Childhood, Solaris, Mirror and StalkerAndrei Tarkovsky
40%
One of the most important and influential composers of the XX century and a pivotal figure in modernist musicIgor Stravinsky
40%
Writer, author of The Master and MargaritaMikhail Bulgakov
40%
Oligarch and politician. The former owner of ChelseaRoman Abramovich
40%
Composer known for the premiere of his First Symphony in 1926 and was regarded throughout his life as one of the greatest composers of XX centuryDmitri Shostakovich
36%
Writer, author of A Sportsman's Sketches, a milestone of Russian realism and Fathers and SonsIvan Turgenev
36%
Footballer, goalkeeper who won the Ballon d'Or in 1963Lev Yashin
36%
Composer of Flight of the Bumblebee and ScheherazadeNikolai Rimsky-Korsakov
36%
Composer of The Love for Three Oranges, Lieutenant Kijé, the ballet Romeo and Juliet and Peter and the WolfSergei Prokofiev
36%
The first woman to journey into outer spaceValentina Tereshkova
36%
Actor famous for his roles in The Ten Commandments, Anastasia and The Magnificent Seven. Winner of Academy Award in 1957Yul Brynner
36%
One of the greatest medieval painters of Orthodox Christian icons and frescosAndrei Rublev
33%
Russian-French painter, early modernist, he was associated with several major artistic stylesMarc Chagall
33%
Composer and one of the best pianists of early XX centurySergei Rachmaninoff
33%
Female tennis player, winner of 5 Grand Slam titlesMaria Sharapova
31%
Opposition leader and activist against current governmentAlexei Navalny
29%
Ice hockey player of Washington Capitals, one of the greatest goal scorers of all timeAlexander Ovechkin
26%
Painter of Barge Haulers on the Volga and Religious Procession in Kursk ProvinceIlya Repin
26%
Field Marshal who defeated Napoleon using attrition warfare in the Patriotic war of 1812Mikhail Kutuzov
26%
Leading figure in the Soviet government from the 1920s. He served as Minister of Foreign Affairs from 1939 to 1949Vyacheslav Molotov
26%
Painter considered one of the greatest masters of marine artIvan Aivazovsky
24%
Scientist, one of the founding fathers of modern rocketry and astronauticsKonstantin Tsiolkovsky
24%
Polymath of XVIII century who made important contributions to literature, education and science. His famous discoveries were the atmosphere of Venus and the law of conservation of mass in chemical reactionsMikhail Lomonosov
24%
Nuclear physicist, dissident and activist for nuclear disarmament, peace, and human rights. Winner of Nobel Peace Prize in 1975Andrei Sakharov
21%
Novelist, author of And Quiet Flows the Don, winner of Nobel Prize in literature in 1965Mikhail Sholokhov
21%
Composer of In the Steppes of Central Asia and Prince IgorAlexander Borodin
19%
Miner became a celebrity in 1935 as part of a campaign intended to increase worker productivity and to demonstrate the superiority of the socialist economic systemAlexei Stakhanov
19%
Painter the most important artist in Russian Symbolist tradition and a pioneering figure of Modernist artMikhail Vrubel
17%
Female poet, author of Requiem, her tragic masterpiece about the Stalinist terrorAnna Akhmatova
14%
One of the greatest female ballet dancers of all timeMaya Plisetskaya
14%
Writer, the greatest figure in Russian RomanticismMikhail Lermontov
14%
Prince of the Russian Empire and the last Generalissimo of the Russian Empire, considered one of the greatest military commanders in Russian history and one of the great generals of the early modern periodAlexander Suvorov
12%
Painter of The Last Day of PompeiiKarl Bryullov
12%
Philosopher, utopian socialist and leading theoretician of Russian nihilismNikolay Chernyshevsky
12%
Philosopher and revolutionary who advocated anarcho-communismPeter Kropotkin
10%
Prime Minister from 1906 to 1911, considered the greatest reformer of Russian society and economy, his reforms caused unprecedented growth of the Russian state, which was stopped by his assassinationPyotr Stolypin
10%
Mathematician known primarily for his work on hyperbolic geometryNikolai Lobachevsky
7%
Two times winner of Olympic gold medal, considered the greatest female pole-vaulter of all timeYelena Isinbayeva
7%
The main Russian Symbolist composer and a major representative of the Russian Silver AgeAlexander Scriabin
5%
Philosopher, the father of Russian MarxismGeorgi Plekhanov
5%
Philosopher, played a significant role in the development of Russian philosophy and poetry at the end of the XIX century and in the spiritual renaissance of the early XX centuryVladimir Solovyov
2%
Gymnast, he held the record for men for the most Olympic medals at 15 until Michael Phelps surpassed himNikolai Andrianov
0%

Score Distribution

Percentile by Number Answered

Percent of People with Each Score

Your Score History

You have not taken this quiz since the last reset